LEADER 00732nam0-22002771i-450- 001 990006217500403321 005 19980601 035 $a000621750 035 $aFED01000621750 035 $a(Aleph)000621750FED01 035 $a000621750 100 $a19980601d1947----km-y0itay50------ba 105 $a--------00-yy 200 1 $a<>American Political System$fD.W. Brogan. 210 $aLondon$cH. Hamilton$d1947 215 $a415 p.$d22 cm 676 $a324 700 1$aBrogan,$bDenis William$0139479 801 0$aIT$bUNINA$gRICA$2UNIMARC 901 $aBK 912 $a990006217500403321 952 $aI D 147$b44941$fFGBC 959 $aFGBC 996 $aAmerican Political System$9647672 997 $aUNINA DB $aGIU01 LEADER 01717nam 22005533 450 001 9910985634503321 005 20250127084507.0 010 $a9781487568429 010 $a1487568428 010 $a9781781794586 010 $a1781794588 035 $a(CKB)4960000000237677 035 $a(MiAaPQ)EBC31887119 035 $a(Au-PeEL)EBL31887119 035 $a(EXLCZ)994960000000237677 100 $a20250127d2016 uy 0 101 0 $aeng 135 $aur||||||||||| 181 $ctxt$2rdacontent 182 $cc$2rdamedia 183 $acr$2rdacarrier 200 10$aHuman Communication Across Cultures $eA Cross-Cultural Introduction to Pragmatics and Sociolinguistics 205 $a1st ed. 210 1$aToronto :$cUniversity of Toronto Press,$d2016. 210 4$dİ2016. 215 $a1 online resource (0 pages) 311 08$a9781781793558 311 08$a1781793557 311 08$a9781781793541 311 08$a1781793549 517 $aHuman Communication across Cultures 606 $aLanguage and culture$xStudy and teaching 606 $aCommunication$xStudy and teaching 606 $aPragmatics$xStudy and teaching 606 $aSociolinguistics$xStudy and teaching 615 0$aLanguage and culture$xStudy and teaching. 615 0$aCommunication$xStudy and teaching. 615 0$aPragmatics$xStudy and teaching. 615 0$aSociolinguistics$xStudy and teaching. 676 $a306.44 700 $aRemillard$b Vincent$01794178 701 $aWilliams$b Karen$0569919 801 0$bMiAaPQ 801 1$bMiAaPQ 801 2$bMiAaPQ 906 $aBOOK 912 $a9910985634503321 996 $aHuman Communication Across Cultures$94334727 997 $aUNINA